Durkheim: morality and milieu
Uloženo v:
| Hlavní autor: | |
|---|---|
| Médium: | Kniha |
| Jazyk: | angličtina |
| Vydáno: |
Cambridge
Harvard University Press
1972
|
| Témata: | |
| Tagy: |
Přidat tag
Žádné tagy, Buďte první, kdo vytvoří štítek k tomuto záznamu!
|
MARC
| LEADER | 00000nam a2200000 a 4500 | ||
|---|---|---|---|
| 001 | UCQ0317 | ||
| 003 | CL-VaPUC | ||
| 008 | 980627e19720000US |||||||||||||||||eng|d | ||
| 082 | 0 | 4 | |a 301 |b WAL |2 21 |
| 100 | 0 | |a Wallwork, Ernest |e author |9 413535 | |
| 245 | 1 | 0 | |a Durkheim: morality and milieu |
| 300 | |a 224 p | ||
| 942 | |c BK | ||
| 945 | |d 19980627 00:00:00 |a crobeson | ||
| 260 | |a Cambridge |b Harvard University Press |c 1972 | ||
| 600 | 0 | 7 | |a DURKHEIM, EMILE |2 CL-VaPUC |9 314700 |
| 650 | 0 | |a Sociología |9 255410 | |
| 650 | 7 | |a SOCIOLOGOS |2 CL-VaPUC |9 307715 | |
| 650 | 0 | |a Filosofía moral |9 310115 | |
| 650 | 0 | |a Ética |9 255099 | |
| 650 | 0 | |a Sociedad |9 307903 | |
| 583 | |a last modification |c 19980627 00:00:00 |k Rodrigo Vera | ||
| 999 | |c 271456 |d 271454 | ||
| 952 | |0 0 |1 0 |4 0 |6 301_000000000000000_WAL_1972 |7 0 |8 P |9 306111 |a BIBENE |b BIBENE |d 2019-11-20 |i 1423657 |o 301 WAL 1972 |p 1423657 |r 2025-01-15 |w 2019-11-20 |y BK |k ICO | ||